States With Only One V - Statistics

General Stats
  • This quiz has been taken 46 times
  • The average score is 4 of 5
Answer Stats
States % Correct
Virginia
100%
West Virginia
100%
Vermont
97%
Nevada
70%
Pennsylvania
58%
No matching quizzes found
Score Distribution
Percent of People with Each Score
Percentile by Number Answered
Your Score History
You have not taken this quiz